000 00575nam a2200229Ia 4500
003 OSt
005 20220918202332.0
006 a|||||r|||| 00| 0
007 ta
008 220917b |||||||| |||| 00| 0 eng d
024 _a100,441
037 _cTextual
040 _aARTS
_cARTS
_beng
041 _2eng
_aeng
082 _aV2-2:3(X6).N8, M5
100 _aBajaj J L
_9103257
245 0 _aFinance commission and backward State
260 _c1985
650 _aHISTORY
942 _hV2-2:3(X6).N8, M5
_cTEXL
_2CC
999 _c223970
_d223970